| 000 | 00397nam a2200181Ia 4500 | ||
|---|---|---|---|
| 001 | 070317 | ||
| 003 | YMCAF | ||
| 005 | 20230512160629.0 | ||
| 008 | 100717s9999 ||||||||||||||||| ||und|d | ||
| 024 | _a70317 | ||
| 035 | _a9780 | ||
| 040 |
_aYMCAF _beng _cIN-KoLT |
||
| 041 | _aeng | ||
| 082 |
_a670.285 _bGRO |
||
| 100 | _aGROOVER, B | ||
| 245 | 0 | _aCAD-CAM COMPUTER ADDED DESIGN | |
| 942 |
_2ddc _cBK |
||
| 999 |
_c5625 _d5625 |
||